| 000 | 00845nam a2200217 a 4500 | ||
|---|---|---|---|
| 001 | 64956 | ||
| 003 | BD-RjUL | ||
| 005 | 20211209081354.0 | ||
| 008 | 170225s1953 ii ||||| |||| 00| 0 d | ||
| 035 | _a(BD-RjUL)65086 | ||
| 040 |
_aBD-RjUL _bben _cBD-RjUL _dBD-RjUL |
||
| 041 | _aben | ||
| 082 |
_223 _a891.443 _bSAJ 1953 |
||
| 100 | 1 |
_a সান্যাল, প্রবোধকুমার _9179515 |
|
| 245 | 1 | 0 |
_aঝড়ের সংকেত / _cপ্রবোধকুমার সান্যাল |
| 260 |
_aকলিকাতা : _bইন্ডিয়া অ্যাসোসিয়েটেড্ পাবলিশিং কো., _c১৯৫৩ |
||
| 300 |
_a২১০ পৃ. ; _c১৮ সেমি. |
||
| 650 |
_aবাংলা উপন্যাস _9170454 |
||
| 650 |
_aBengali Fiction _9170455 |
||
| 942 |
_2ddc _cBK |
||
| 999 |
_c64956 _d64956 |
||